[Event "Bulgaria ch 2009 fem"]
[Site "Dupnitsa BUL"]
[Date "2009.02.17"]
[Round "5.6"]
[White "Krumova, Ani"]
[Black "Videnova, Iva"]
[Result "0-1"]
[WhiteElo "1812"]
[BlackElo "2193"]
[PlyCount "112"]
[EventDate "2009.02.13"]
[EventType "tourn"]
[EventRounds "11"]
[EventCountry "BUL"]
[EventCategory "2"]
[Source "lmi"]
[SourceDate "2009.02.13"]

1. e4 c5 2. Nc3 g6 3. f4 Bg7 4. Nf3 e6 5. Bc4 Nc6 6. O-O Nge7 7. e5 d6 8. Qe1
dxe5 9. fxe5 O-O 10. Qe3 Nd4 11. Bb3 Nef5 12. Qe4 Nxf3+ 13. Rxf3 Qd4+ 14. Qxd4
cxd4 15. Ne4 Bxe5 16. d3 Bd7 17. g4 Nd6 18. Nf6+ Bxf6 19. Rxf6 Kg7 20. Rf2 e5
21. h3 f5 22. Bd2 a5 23. gxf5 Rxf5 24. Raf1 Rxf2 25. Rxf2 a4 26. Bd5 Bc6 27.
Bb4 Nf5 28. Be4 Kf6 29. c3 dxc3 30. Bxc3 Rd8 31. Bxf5 gxf5 32. Re2 Rd5 33. Kf2
Bb5 34. Re3 f4 35. Re4 Kf5 36. Rb4 Ba6 37. d4 e4 38. Rxa4 e3+ 39. Kf3 Bd3 40.
Ra8 Be4+ 41. Ke2 Rd6 42. Re8 Re6 43. Rf8+ Kg5 44. Rg8+ Bg6 45. d5 Re8 46. Rg7
Rd8 47. Kf3 Rxd5 48. Rxb7 Kf5 49. Be1 Bh5+ 50. Kg2 f3+ 51. Kg3 Ke4 52. Rb3 Rd1
53. Bf2 exf2 54. Kxf2 Rd2+ 55. Kg1 Bf7 56. Rb4+ Ke3 0-1

[Event "Bulgaria ch 2009 fem"]
[Site "Dupnitsa BUL"]
[Date "2009.02.17"]
[Round "6.1"]
[White "Gradevska, Desislava"]
[Black "Videnova, Iva"]
[Result "0-1"]
[WhiteElo "1721"]
[BlackElo "2193"]
[PlyCount "86"]
[EventDate "2009.02.13"]
[EventType "tourn"]
[EventRounds "11"]
[EventCountry "BUL"]
[EventCategory "2"]
[Source "lmi"]
[SourceDate "2009.02.13"]

1. d4 Nf6 2. c4 e6 3. Nc3 Bb4 4. e3 O-O 5. Nge2 d5 6. cxd5 exd5 7. a3 Bd6 8. g3
c6 9. Bg2 Re8 10. O-O Nbd7 11. Qc2 Nf8 12. Na4 Ne4 13. Nc5 Bxc5 14. dxc5 a5 15.
Rb1 Bf5 16. Nd4 Bg6 17. f4 a4 18. f5 Bh5 19. b4 axb3 20. Nxb3 Nd7 21. Rf4 g5
22. Rf1 Qe7 23. Nd4 Nexc5 24. f6 Qd8 25. Rf5 Bg6 26. Bb2 Bxf5 27. Nxf5 Ne4 28.
Bxe4 Rxe4 29. Nh6+ Kf8 30. Qf2 Qb6 31. Re1 Rae8 32. Nf5 Ne5 33. Bd4 c5 34. Bxe5
R8xe5 35. h3 Qxf6 36. g4 d4 37. Qb2 Rxf5 38. gxf5 Qxf5 39. Qxb7 Rxe3 40. Qb8+
Kg7 41. Rf1 Qxh3 42. Rxf7+ Kxf7 43. Qb7+ Re7 0-1

[Event "Bulgaria ch 2009 fem"]
[Site "Dupnitsa BUL"]
[Date "2009.02.17"]
[Round "6.2"]
[White "Genova, Lyubka"]
[Black "Krumova, Ani"]
[Result "1-0"]
[WhiteElo "2231"]
[BlackElo "1812"]
[PlyCount "61"]
[EventDate "2009.02.13"]
[EventType "tourn"]
[EventRounds "11"]
[EventCountry "BUL"]
[EventCategory "2"]
[Source "lmi"]
[SourceDate "2009.02.13"]

1. e4 Nf6 2. e5 Nd5 3. d4 d6 4. c4 Nb6 5. exd6 cxd6 6. Nc3 g6 7. Be3 Bg7 8. Rc1
O-O 9. b3 Nc6 10. d5 Ne5 11. Be2 f5 12. f4 Ng4 13. Bd4 Bh6 14. g3 e5 15. dxe6
Bxe6 16. Nf3 d5 17. c5 Nd7 18. O-O Qe7 19. b4 Bf7 20. Re1 Ngf6 21. Ba6 Ne4 22.
Bxb7 Rab8 23. Bxd5 Rxb4 24. Bxe4 fxe4 25. Nxe4 Qd8 26. c6 Nb6 27. c7 Qc8 28.
Nf6+ Kh8 29. Nh5+ Kg8 30. Nf6+ Kh8 31. Bc5 1-0

[Event "Bulgaria ch 2009 fem"]
[Site "Dupnitsa BUL"]
[Date "2009.02.17"]
[Round "6.4"]
[White "Petkova, Veneta"]
[Black "Voiska, Margarita"]
[Result "0-1"]
[WhiteElo "1964"]
[BlackElo "2339"]
[PlyCount "79"]
[EventDate "2009.02.13"]
[EventType "tourn"]
[EventRounds "11"]
[EventCountry "BUL"]
[EventCategory "2"]
[Source "lmi"]
[SourceDate "2009.02.13"]

1. e4 c5 2. Nf3 Nc6 3. d4 cxd4 4. Nxd4 e5 5. Nb5 d6 6. c4 Be7 7. N1c3 a6 8. Na3
Be6 9. Be2 Bg5 10. O-O Bxc1 11. Rxc1 Nf6 12. Nc2 O-O 13. b3 Rc8 14. Kh1 Qa5 15.
Ne3 Nd4 16. f4 b5 17. f5 b4 18. Na4 Bd7 19. Bd3 Qc7 20. Nb2 Bc6 21. Nd5 Qd8 22.
Bb1 Bxd5 23. cxd5 Nb5 24. Nc4 Nc3 25. Qe1 Qc7 26. Qe3 a5 27. Rfe1 Nd7 28. Rf1
f6 29. h4 a4 30. h5 Nc5 31. Nd2 axb3 32. axb3 Ra8 33. Bd3 Ra2 34. Bc4 Qa7 35.
Rf3 Qa3 36. Nb1 Qb2 37. Rg3 N5xe4 38. Rg6 hxg6 39. Rg1 Nf2+ 40. Kh2 0-1

[Event "Bulgaria ch 2009 fem"]
[Site "Dupnitsa BUL"]
[Date "2009.02.17"]
[Round "6.5"]
[White "Sirkova, Darena"]
[Black "Bednikova, Stefi"]
[Result "0-1"]
[WhiteElo "1942"]
[BlackElo "2087"]
[PlyCount "56"]
[EventDate "2009.02.13"]
[EventType "tourn"]
[EventRounds "11"]
[EventCountry "BUL"]
[EventCategory "2"]
[Source "lmi"]
[SourceDate "2009.02.13"]

1. e4 d5 2. exd5 Qxd5 3. Nf3 Bg4 4. Be2 Nc6 5. d4 Nf6 6. O-O O-O-O 7. c4 Qf5 8.
d5 e6 9. h3 Bxf3 10. Bxf3 Ne5 11. Qa4 Nxf3+ 12. gxf3 Qxh3 13. Qxa7 Bd6 14. f4
Ng4 15. Re1 b6 16. Be3 Qh2+ 17. Kf1 Bxf4 18. Qa6+ Kd7 19. Qa4+ Ke7 20. Qa3+ Rd6
21. Bd4 Qh1+ 22. Ke2 Qe4+ 23. Be3 Qxc4+ 24. Kd1 Bxe3 25. fxe3 Qxd5+ 26. Kc1 Ra8
27. Qb4 Nxe3 28. Nd2 Qd3 0-1

[Event "Bulgaria ch 2009 fem"]
[Site "Dupnitsa BUL"]
[Date "2009.02.17"]
[Round "6.6"]
[White "Chilingirova, Pavlina"]
[Black "Vladimirova, Maria"]
[Result "1-0"]
[WhiteElo "2155"]
[BlackElo "2062"]
[PlyCount "93"]
[EventDate "2009.02.13"]
[EventType "tourn"]
[EventRounds "11"]
[EventCountry "BUL"]
[EventCategory "2"]
[Source "lmi"]
[SourceDate "2009.02.13"]

1. c4 c5 2. Nf3 Nf6 3. d4 cxd4 4. Nxd4 Nc6 5. Nc3 a6 6. e4 e6 7. Nxc6 dxc6 8.
Qxd8+ Kxd8 9. e5 Nd7 10. f4 f6 11. exf6 gxf6 12. Ne4 Bb4+ 13. Bd2 Bxd2+ 14.
Kxd2 Ke7 15. Re1 c5 16. Bd3 b6 17. Re2 Bb7 18. Rhe1 Rae8 19. a3 h6 20. g4 Ba8
21. h4 Rhg8 22. Ng3 Kf7 23. h5 Nf8 24. Nf5 Bf3 25. Nxh6+ Kg7 26. Nxg8 Bxe2 27.
Rxe2 Kxg8 28. g5 Rd8 29. Ke3 f5 30. b4 Rd4 31. bxc5 bxc5 32. Rb2 Nd7 33. Rb7 e5
34. Bxf5 exf4+ 35. Kf2 Ne5 36. Be6+ Kf8 37. Bd5 Rd2+ 38. Ke1 Rh2 39. h6 f3 40.
h7 Nd3+ 41. Kd1 Nf2+ 42. Kc1 Nd3+ 43. Kb1 f2 44. Rf7+ Ke8 45. g6 Ne5 46. Rxf2
Rh6 47. g7 1-0

[Event "Bulgaria ch 2009 fem"]
[Site "Dupnitsa BUL"]
[Date "2009.02.18"]
[Round "7.2"]
[White "Bednikova, Stefi"]
[Black "Chilingirova, Pavlina"]
[Result "0-1"]
[WhiteElo "2087"]
[BlackElo "2155"]
[PlyCount "124"]
[EventDate "2009.02.13"]
[EventType "tourn"]
[EventRounds "11"]
[EventCountry "BUL"]
[EventCategory "2"]
[Source "lmi"]
[SourceDate "2009.02.13"]

1. e4 c5 2. Nf3 d6 3. Bb5+ Nd7 4. c3 a6 5. Ba4 Ngf6 6. Qe2 b5 7. Bc2 c4 8. b3
Nb6 9. bxc4 bxc4 10. Na3 Qc7 11. Rb1 e6 12. O-O Be7 13. Re1 Bb7 14. Qe3 Nfd7
15. Nd4 O-O 16. Qh3 g6 17. Qg3 Kh8 18. f4 e5 19. Nf3 exf4 20. Qxf4 Ne5 21. Kh1
Nbd7 22. Rb4 Rab8 23. Rb1 Bc6 24. Nd4 Rxb1 25. Nxb1 Nc5 26. Nxc6 Qxc6 27. Qe3
Ncd3 28. Rf1 Kg8 29. Na3 Rc8 30. Bb1 Rb8 31. Qd4 Bd8 32. Qa7 Ra8 33. Qe3 Bb6
34. Qe2 Qc5 35. Bxd3 Nxd3 36. Nc2 Nf2+ 37. Kg1 Nxe4+ 38. Ne3 d5 39. Qf3 f5 40.
g3 Re8 41. Kg2 Qd6 42. Nc2 Qe5 43. d4 cxd3 44. Qxd3 Nxc3 45. Re1 Ne4 46. Qxa6
Qc7 47. Re2 Rd8 48. Bb2 d4 49. Qd3 Qd6 50. Kf1 Bc5 51. Re1 Qd5 52. a3 Ng5 53.
Ke2 Qg2+ 54. Kd1 Qf3+ 55. Qxf3 Nxf3 56. Rf1 Nxh2 57. Rf4 d3 58. Ne1 Ng4 59. Ng2
Nf2+ 60. Kd2 Ne4+ 61. Kd1 d2 62. Bf6 Nxf6 0-1

[Event "Bulgaria ch 2009 fem"]
[Site "Dupnitsa BUL"]
[Date "2009.02.18"]
[Round "7.3"]
[White "Voiska, Margarita"]
[Black "Sirkova, Darena"]
[Result "1-0"]
[WhiteElo "2339"]
[BlackElo "1942"]
[PlyCount "43"]
[EventDate "2009.02.13"]
[EventType "tourn"]
[EventRounds "11"]
[EventCountry "BUL"]
[EventCategory "2"]
[Source "lmi"]
[SourceDate "2009.02.13"]

1. d4 g6 2. Nf3 Bg7 3. g3 c5 4. dxc5 Qa5+ 5. c3 Qxc5 6. Bg2 Nf6 7. Be3 Qc7 8.
O-O e5 9. Na3 a6 10. Nxe5 d6 11. Nec4 Nc6 12. Nxd6+ Kf8 13. Bf4 Nh5 14. Ndb5
Qd7 15. Bd6+ Kg8 16. Nc4 Qd8 17. Nc7 Ra7 18. Nb6 Be6 19. Nxe6 fxe6 20. Bc5 Qg5
21. Qd7 Qxc5 22. Qxe6+ 1-0

[Event "Bulgaria ch 2009 fem"]
[Site "Dupnitsa BUL"]
[Date "2009.02.18"]
[Round "7.4"]
[White "Yordanova, Svetla"]
[Black "Petkova, Veneta"]
[Result "1-0"]
[WhiteElo "2202"]
[BlackElo "1964"]
[PlyCount "55"]
[EventDate "2009.02.13"]
[EventType "tourn"]
[EventRounds "11"]
[EventCountry "BUL"]
[EventCategory "2"]
[Source "lmi"]
[SourceDate "2009.02.13"]

1. e4 e6 2. d4 d5 3. Nd2 Nf6 4. e5 Nfd7 5. Bd3 c5 6. c3 Nc6 7. Ne2 cxd4 8. cxd4
f6 9. Nf4 Nxd4 10. Qh5+ Ke7 11. Ng6+ hxg6 12. exf6+ Nxf6 13. Qxh8 Qb6 14. O-O
Kf7 15. Bxg6+ Kxg6 16. Qxf8 Qc7 17. f4 Nc2 18. Nf3 Nxa1 19. Qh8 Qc5+ 20. Kh1
Ne4 21. Ne5+ Kf6 22. Qh4+ g5 23. fxg5+ Kxe5 24. Qf4+ Kd4 25. Be3+ Kc4 26. Bxc5
Kxc5 27. Qc7+ Kd4 28. Rxa1 1-0

[Event "Bulgaria ch 2009 fem"]
[Site "Dupnitsa BUL"]
[Date "2009.02.18"]
[Round "7.5"]
[White "Krumova, Ani"]
[Black "Nikolova, Adriana"]
[Result "0-1"]
[WhiteElo "1812"]
[BlackElo "2310"]
[PlyCount "128"]
[EventDate "2009.02.13"]
[EventType "tourn"]
[EventRounds "11"]
[EventCountry "BUL"]
[EventCategory "2"]
[Source "lmi"]
[SourceDate "2009.02.13"]

1. e4 c5 2. Nc3 Nc6 3. f4 g6 4. Nf3 Bg7 5. Bc4 e6 6. e5 d6 7. exd6 Qxd6 8. d3
Nh6 9. O-O O-O 10. Bd2 b6 11. Qe1 Bb7 12. Ne4 Qe7 13. c3 Nf5 14. g4 Nd6 15.
Neg5 h6 16. Nh3 Rad8 17. Qf2 Nxc4 18. dxc4 Na5 19. Ne5 Qd6 20. Be3 Kh7 21. Qh4
f6 22. Nf3 Nxc4 23. Rae1 Nxe3 24. Rxe3 Kg8 25. Qe1 e5 26. f5 g5 27. Qe2 Rf7 28.
Nf2 Qc7 29. c4 e4 30. Nxe4 Bf8 31. Ng3 Bd6 32. Re8+ Rxe8 33. Qxe8+ Kh7 34. Kf2
Bc6 35. Qe6 Bxg3+ 36. hxg3 Kg7 37. Re1 Rd7 38. Qe3 Qd8 39. Re2 Qc7 40. b3 Qb7
41. Qe8 Rf7 42. Qe3 Kf8 43. Qc3 Qc7 44. Qe3 a6 45. Re1 Kg7 46. Re2 Bb7 47. Qe8
Bc6 48. Qe3 Ba8 49. Qe8 Qb7 50. Re3 b5 51. Qe6 Rd7 52. Qe8 Rf7 53. Qe6 bxc4 54.
Qxc4 Qb6 55. Re6 Qb7 56. Re3 Qc6 57. Qe6 Qb5 58. Qe8 Bc6 59. Qd8 Bxf3 60. Kxf3
Qf1+ 61. Ke4 Qh1+ 62. Rf3 h5 63. gxh5 g4 64. h6+ Kh7 0-1

[Event "Bulgaria ch 2009 fem"]
[Site "Dupnitsa BUL"]
[Date "2009.02.18"]
[Round "7.6"]
[White "Videnova, Iva"]
[Black "Genova, Lyubka"]
[Result "1-0"]
[WhiteElo "2193"]
[BlackElo "2231"]
[PlyCount "95"]
[EventDate "2009.02.13"]
[EventType "tourn"]
[EventRounds "11"]
[EventCountry "BUL"]
[EventCategory "2"]
[Source "lmi"]
[SourceDate "2009.02.13"]

1. e4 g6 2. d4 Bg7 3. Nc3 c6 4. f4 d5 5. e5 Nh6 6. Nf3 f6 7. Bd3 Bg4 8. h3 Bxf3
9. Qxf3 e6 10. g4 fxe5 11. fxe5 Qh4+ 12. Qf2 Qxf2+ 13. Kxf2 O-O+ 14. Kg2 Nd7
15. Ne2 c5 16. c3 a6 17. Kg3 Nf7 18. h4 Rfe8 19. Be3 b5 20. Raf1 Nf8 21. h5 g5
22. h6 Nxh6 23. Bxg5 Nf7 24. Be3 cxd4 25. cxd4 Nxe5 26. dxe5 Bxe5+ 27. Kg2 Bxb2
28. Bc5 e5 29. Rxf8+ Rxf8 30. Bxh7+ Kg7 31. Bxf8+ Rxf8 32. Bf5 Rf6 33. Rh7+ Kf8
34. Rd7 d4 35. Ng3 Rf7 36. Rd6 Rc7 37. Rxa6 Rc3 38. Rf6+ Ke7 39. Re6+ Kf7 40.
Rxe5 b4 41. Rd5 Ra3 42. Bb1 Ke6 43. Rf5 d3 44. Ne4 Bd4 45. Rf3 Ke5 46. Rxd3
Rxd3 47. Bxd3 Be3 48. Kf3 1-0

[Event "Bulgaria ch 2009 fem"]
[Site "Dupnitsa BUL"]
[Date "2009.02.19"]
[Round "8.1"]
[White "Gradevska, Desislava"]
[Black "Genova, Lyubka"]
[Result "0-1"]
[WhiteElo "1721"]
[BlackElo "2231"]
[PlyCount "64"]
[EventDate "2009.02.13"]
[EventType "tourn"]
[EventRounds "11"]
[EventCountry "BUL"]
[EventCategory "2"]
[Source "lmi"]
[SourceDate "2009.02.13"]

1. c4 Nf6 2. Nc3 g6 3. g3 Bg7 4. Bg2 O-O 5. e3 d6 6. Nge2 e5 7. O-O c6 8. d4
Qe7 9. a3 e4 10. b4 h5 11. h4 Bg4 12. b5 Re8 13. bxc6 bxc6 14. Rb1 Bh6 15. Qc2
Bf5 16. Nf4 Qd7 17. Re1 Qc8 18. Bb2 Nbd7 19. d5 Ne5 20. Qe2 c5 21. Nb5 Qd7 22.
Ba1 Bg7 23. Kh1 Bg4 24. Qc2 Bf3 25. Bxf3 Nxf3 26. Red1 Rad8 27. Nc3 Qg4 28. Qe2
Bh6 29. Qf1 Bxf4 30. exf4 e3 31. fxe3 Qxg3 32. Ne2 Qh2# 0-1

[Event "Bulgaria ch 2009 fem"]
[Site "Dupnitsa BUL"]
[Date "2009.02.19"]
[Round "8.2"]
[White "Nikolova, Adriana"]
[Black "Videnova, Iva"]
[Result "1-0"]
[WhiteElo "2310"]
[BlackElo "2194"]
[PlyCount "59"]
[EventDate "2009.02.13"]
[EventType "tourn"]
[EventRounds "11"]
[EventCountry "BUL"]
[EventCategory "2"]
[Source "lmi"]
[SourceDate "2009.02.13"]

1. e4 c5 2. Nf3 d6 3. d4 cxd4 4. Nxd4 Nf6 5. Nc3 a6 6. Bg5 e6 7. f4 Qb6 8. Qd2
Qxb2 9. Rb1 Qa3 10. f5 Nc6 11. fxe6 fxe6 12. Nxc6 bxc6 13. e5 dxe5 14. Bxf6
gxf6 15. Ne4 Be7 16. Be2 O-O 17. O-O Qxa2 18. Rb3 Kh8 19. Qh6 Qxc2 20. Rg3 Rg8
21. Bd3 Rxg3 22. Bxc2 Rg6 23. Qh4 Kg7 24. Ng3 Bc5+ 25. Kh1 f5 26. Qc4 Bd4 27.
Qxc6 Ra7 28. Qxc8 e4 29. Nxe4 fxe4 30. Qf8# 1-0

[Event "Bulgaria ch 2009 fem"]
[Site "Dupnitsa BUL"]
[Date "2009.02.19"]
[Round "8.3"]
[White "Petkova, Veneta"]
[Black "Krumova, Ani"]
[Result "1/2-1/2"]
[WhiteElo "1964"]
[BlackElo "1812"]
[PlyCount "104"]
[EventDate "2009.02.13"]
[EventType "tourn"]
[EventRounds "11"]
[EventCountry "BUL"]
[EventCategory "2"]
[Source "lmi"]
[SourceDate "2009.02.13"]

1. e4 Nf6 2. e5 Nd5 3. d4 d6 4. Nf3 g6 5. Bc4 Nb6 6. Bb3 Bg7 7. Qe2 d5 8. a4 a5
9. h3 h6 10. O-O O-O 11. Nbd2 Na6 12. c3 c5 13. Re1 Qc7 14. Nf1 Bd7 15. Bf4 e6
16. Rec1 Rfc8 17. Qd2 Kh7 18. Ne3 Qd8 19. Ng4 Qf8 20. h4 cxd4 21. cxd4 Nb4 22.
Rc3 Rc6 23. Nf6+ Kh8 24. g4 Be8 25. Kg2 Nd7 26. Rh1 Bxf6 27. exf6 Kh7 28. Be5
Rac8 29. Ng5+ Kg8 30. Rch3 Kh8 31. h5 Nxe5 32. dxe5 Rc2 33. Bxc2 Rxc2 34. Qe3
d4 35. Qxd4 Bc6+ 36. Nf3 g5 37. Rd1 Bd5 38. Rhh1 Rc4 39. Qe3 Rxg4+ 40. Kh2 Rf4
41. Rxd5 Nxd5 42. Qd3 Qc5 43. Rf1 g4 44. Nh4 Rxf2+ 45. Rxf2 Qxf2+ 46. Ng2 Nf4
47. Qg3 Qxg3+ 48. Kxg3 Nd3 49. b3 Nxe5 50. Ne3 Nd7 51. Nxg4 Kh7 52. Kf4 b6
1/2-1/2

[Event "Bulgaria ch 2009 fem"]
[Site "Dupnitsa BUL"]
[Date "2009.02.19"]
[Round "8.4"]
[White "Sirkova, Darena"]
[Black "Yordanova, Svetla"]
[Result "1-0"]
[WhiteElo "1942"]
[BlackElo "2202"]
[PlyCount "73"]
[EventDate "2009.02.13"]
[EventType "tourn"]
[EventRounds "11"]
[EventCountry "BUL"]
[EventCategory "2"]
[Source "lmi"]
[SourceDate "2009.02.13"]

1. e4 c5 2. Nc3 a6 3. g3 d6 4. Bg2 e5 5. Nd5 Ne7 6. c3 Nxd5 7. exd5 Be7 8. d4
cxd4 9. cxd4 Nd7 10. Ne2 O-O 11. O-O Bf6 12. Be3 Re8 13. Rc1 exd4 14. Nxd4 Ne5
15. h3 Bd7 16. Qb3 Re7 17. Qa3 Bb5 18. Nxb5 axb5 19. Qb3 Nc4 20. Bf4 g5 21.
Qxb5 Nxb2 22. Be3 Na4 23. Rc4 Nc3 24. Qb3 Qa5 25. Rg4 h5 26. Rb4 Qxa2 27. Rxb7
Ne2+ 28. Kh2 Rxb7 29. Qxb7 h4 30. Qd7 Be5 31. Bxg5 hxg3+ 32. fxg3 Bxg3+ 33. Kh1
Rf8 34. Qg4 f5 35. Rxf5 Qb1+ 36. Bc1+ Kh7 37. Rh5# 1-0

[Event "Bulgaria ch 2009 fem"]
[Site "Dupnitsa BUL"]
[Date "2009.02.19"]
[Round "8.6"]
[White "Vladimirova, Maria"]
[Black "Bednikova, Stefi"]
[Result "1/2-1/2"]
[WhiteElo "2062"]
[BlackElo "2087"]
[PlyCount "88"]
[EventDate "2009.02.13"]
[EventType "tourn"]
[EventRounds "11"]
[EventCountry "BUL"]
[EventCategory "2"]
[Source "lmi"]
[SourceDate "2009.02.13"]

1. e4 c6 2. d4 d5 3. Nd2 dxe4 4. Nxe4 h6 5. Bc4 Bf5 6. Ng3 Bh7 7. Nf3 e6 8. Qe2
Nf6 9. Ne5 Nd5 10. O-O Be7 11. Nh5 Rg8 12. Re1 Qd6 13. Bxd5 Qxd5 14. c4 Qxd4
15. Nxf7 Bf5 16. Ne5 Nd7 17. Nxd7 Bg4 18. Qe5 Qxe5 19. Nxe5 Bxh5 20. g4 Bf7 21.
Bd2 Bf6 22. Bc3 Bxe5 23. Bxe5 Rd8 24. Rad1 Ke7 25. Bc7 Rxd1 26. Rxd1 e5 27. b3
Be6 28. h3 h5 29. gxh5 Bxh3 30. Bxe5 Bg4 31. Re1 Bxh5 32. Bd4+ Kd6 33. Re5 g6
34. f4 Kd7 35. Bc5 Re8 36. Rxe8 Kxe8 37. Bxa7 Bd1 38. Kf2 Bc2 39. Ke2 b5 40. c5
Bb1 41. Kd2 Kd7 42. Bb8 Kc8 43. Be5 Kb7 44. a3 Ka6 1/2-1/2

[Event "Bulgaria ch 2009 fem"]
[Site "Dupnitsa BUL"]
[Date "2009.02.20"]
[Round "9.1"]
[White "Bednikova, Stefi"]
[Black "Gradevska, Desislava"]
[Result "1-0"]
[WhiteElo "2087"]
[BlackElo "1721"]
[PlyCount "129"]
[EventDate "2009.02.13"]
[EventType "tourn"]
[EventRounds "11"]
[EventCountry "BUL"]
[EventCategory "2"]
[Source "lmi"]
[SourceDate "2009.02.13"]

1. e4 c5 2. Nf3 d6 3. b3 e5 4. Bb2 Nf6 5. Nc3 Nc6 6. Bc4 Be7 7. O-O O-O 8. Re1
a6 9. a4 Bg4 10. Nd5 Rb8 11. h3 Bh5 12. Nxf6+ Bxf6 13. g4 Bg6 14. Bd5 Nb4 15.
d3 Re8 16. Nd2 b5 17. axb5 axb5 18. Bc3 Nxd5 19. exd5 Ra8 20. Ne4 Bxe4 21. dxe4
Bg5 22. Qe2 Qb6 23. Red1 Bf4 24. Be1 b4 25. Qc4 Ra3 26. Rxa3 bxa3 27. Qa4 Rb8
28. Qxa3 g6 29. Qa5 Qb7 30. Ra1 f5 31. f3 fxe4 32. fxe4 Be3+ 33. Kg2 Rf8 34.
Qa7 Qb5 35. Qa6 Qd7 36. Qe2 Bf4 37. Ra6 Rc8 38. Qc4 Rf8 39. Qa4 Qf7 40. Ra7 Qf6
41. Qd7 Rf7 42. Qxf7+ Qxf7 43. Rxf7 Kxf7 44. Ba5 Ke7 45. Kf3 Kd7 46. Ke2 Bc1
47. Kd3 Bh6 48. Kc4 Kc8 49. Kb5 Kb7 50. c4 Bg5 51. Be1 h6 52. b4 Be3 53. Bc3
Bf2 54. bxc5 Bxc5 55. Bxe5 Ba3 56. Bd4 Kc7 57. e5 dxe5 58. Bxe5+ Kd7 59. c5 Bc1
60. c6+ Kc8 61. d6 Bg5 62. d7+ Kd8 63. Kb6 Be3+ 64. Kb7 Bd2 65. Bf6# 1-0

[Event "Bulgaria ch 2009 fem"]
[Site "Dupnitsa BUL"]
[Date "2009.02.20"]
[Round "9.2"]
[White "Voiska, Margarita"]
[Black "Vladimirova, Maria"]
[Result "1/2-1/2"]
[WhiteElo "2339"]
[BlackElo "2062"]
[PlyCount "132"]
[EventDate "2009.02.13"]
[EventType "tourn"]
[EventRounds "11"]
[EventCountry "BUL"]
[EventCategory "2"]
[Source "lmi"]
[SourceDate "2009.02.13"]

1. c4 Nf6 2. g3 e6 3. Bg2 d5 4. d4 c6 5. Qc2 Be7 6. Nf3 Ne4 7. O-O Nd7 8. Nc3
f5 9. Ne1 Bf6 10. e3 O-O 11. Nxe4 fxe4 12. f3 exf3 13. Nxf3 Kh8 14. e4 dxc4 15.
Qxc4 e5 16. dxe5 Nxe5 17. Nxe5 Bxe5 18. Rxf8+ Qxf8 19. Be3 Qe8 20. Bf4 Bg4 21.
Qc5 Bxb2 22. Rb1 b6 23. Qc4 Be5 24. Bxe5 Qxe5 25. Qxc6 Rd8 26. Qc2 h6 27. h3
Be6 28. Kh2 Qa5 29. Rb2 Qa3 30. Qf2 Rd3 31. Rc2 Qd6 32. e5 Qxe5 33. Re2 Qd6 34.
Be4 Rd4 35. Bf5 Bg8 36. Qe3 Rd5 37. Bc2 Rg5 38. h4 Rg4 39. Kh3 Qd7 40. Kh2 Qd6
41. Kh3 Qd7 42. Qe8 Rd4+ 43. Qxd7 Rxd7 44. Re8 g6 45. Bb3 Rg7 46. Ra8 Kh7 47.
Bxg8+ Rxg8 48. Rxa7+ Rg7 49. Ra8 Rb7 50. Kg4 Rf7 51. h5 gxh5+ 52. Kxh5 Rf5+ 53.
Kg4 Rf7 54. a4 Kg7 55. Rc8 Ra7 56. Rc4 Ra5 57. Rb4 Kf7 58. Kf4 Ke7 59. g4 Kf7
60. Ke3 h5 61. gxh5 Rxh5 62. Rxb6 Ra5 63. Rb4 Ke6 64. Kd4 Rh5 65. Rb6+ Kd7 66.
Kc4 Kc7 1/2-1/2

[Event "Bulgaria ch 2009 fem"]
[Site "Dupnitsa BUL"]
[Date "2009.02.20"]
[Round "9.3"]
[White "Yordanova, Svetla"]
[Black "Chilingirova, Pavlina"]
[Result "1-0"]
[WhiteElo "2202"]
[BlackElo "2155"]
[PlyCount "107"]
[EventDate "2009.02.13"]
[EventType "tourn"]
[EventRounds "11"]
[EventCountry "BUL"]
[EventCategory "2"]
[Source "lmi"]
[SourceDate "2009.02.13"]

1. e4 c5 2. c3 e6 3. d4 cxd4 4. cxd4 d5 5. e5 Ne7 6. Nf3 Nec6 7. Nc3 Nd7 8. Bd3
Nb6 9. a3 a5 10. h4 h6 11. Rh3 Bd7 12. b3 a4 13. b4 Na7 14. Ne2 Bb5 15. Nf4
Bxd3 16. Qxd3 Qd7 17. Nh5 Qb5 18. Qd1 Nd7 19. Rg3 g6 20. Nf4 Rc8 21. Bd2 Nb6
22. Ng1 Be7 23. h5 g5 24. Nd3 Nc4 25. Ne2 Qc6 26. Nc5 Nb5 27. Nxa4 Ra8 28. Nc5
Rxa3 29. Rgxa3 Ncxa3 30. Rc1 Nc4 31. Qb3 O-O 32. Ra1 b6 33. Nd3 Rc8 34. g3 Kg7
35. g4 Rc7 36. Kd1 Qd7 37. Ra6 f6 38. f4 Nxd2 39. Kxd2 gxf4 40. Ndxf4 fxe5 41.
dxe5 Bg5 42. Ke1 Rc4 43. Qd3 Re4 44. Rxb6 Bxf4 45. Rxb5 Bxe5 46. Ra5 Qc7 47.
Kd1 Qf7 48. Ke1 Qf4 49. Ra7+ Kf6 50. Rh7 Kg5 51. b5 Qc1+ 52. Kf2 Bd4+ 53. Qxd4
Rxe2+ 54. Kxe2 1-0

[Event "Bulgaria ch 2009 fem"]
[Site "Dupnitsa BUL"]
[Date "2009.02.20"]
[Round "9.4"]
[White "Krumova, Ani"]
[Black "Sirkova, Darena"]
[Result "1-0"]
[WhiteElo "1912"]
[BlackElo "1942"]
[PlyCount "53"]
[EventDate "2009.02.13"]
[EventType "tourn"]
[EventRounds "11"]
[EventCountry "BUL"]
[EventCategory "2"]
[Source "lmi"]
[SourceDate "2009.02.13"]

1. e4 c6 2. d4 d5 3. f3 e5 4. dxe5 Bc5 5. Nc3 Ne7 6. Bd3 O-O 7. Nge2 Ng6 8.
exd5 Nxe5 9. Ne4 Qh4+ 10. N2g3 Re8 11. Bg5 Nxd3+ 12. Qxd3 Qxg5 13. Kf1 Qe3 14.
Re1 Qxe1+ 15. Kxe1 f5 16. d6 b6 17. Kd1 fxe4 18. Nxe4 Nd7 19. b4 Ne5 20. Qc3
Ng4 21. bxc5 Rxe4 22. fxe4 Nf2+ 23. Ke1 Nxh1 24. cxb6 Bb7 25. Qe5 axb6 26. Qe6+
Kh8 27. d7 1-0

[Event "Bulgaria ch 2009 fem"]
[Site "Dupnitsa BUL"]
[Date "2009.02.20"]
[Round "9.5"]
[White "Videnova, Iva"]
[Black "Petkova, Veneta"]
[Result "1-0"]
[WhiteElo "2193"]
[BlackElo "1964"]
[PlyCount "97"]
[EventDate "2009.02.13"]
[EventType "tourn"]
[EventRounds "11"]
[EventCountry "BUL"]
[EventCategory "2"]
[Source "lmi"]
[SourceDate "2009.02.13"]

1. e4 e6 2. d4 d5 3. Nc3 Nf6 4. e5 Nfd7 5. f4 c5 6. Nf3 a6 7. Be3 Nc6 8. Qd2 b5
9. a3 Bb7 10. dxc5 Bxc5 11. Bxc5 Nxc5 12. b4 Nd7 13. Bd3 h5 14. O-O g6 15. Kh1
Ne7 16. Ne2 Nb6 17. Ned4 Nc4 18. Qe2 Qb6 19. Qf2 h4 20. Bxc4 dxc4 21. Nf5 Qxf2
22. Nd6+ Kf8 23. Rxf2 Bxf3 24. Rxf3 Nf5 25. Nxf5 gxf5 26. Rd1 Ke7 27. Kg1 Rad8
28. Rff1 Rd5 29. Rxd5 exd5 30. Rd1 Ke6 31. Kf2 Ra8 32. Ke3 a5 33. Kd4 axb4 34.
axb4 Rg8 35. Rd2 Rc8 36. c3 h3 37. g3 Ra8 38. Kc5 Ra3 39. Rxd5 Ra2 40. Rd6+ Ke7
41. Kxb5 Rxh2 42. Rh6 Rc2 43. Kxc4 h2 44. Kd4 Rd2+ 45. Kc5 Rd3 46. c4 Rd2 47.
b5 Kd7 48. Kb6 Kc8 49. c5 1-0

[Event "Bulgaria ch 2009 fem"]
[Site "Dupnitsa BUL"]
[Date "2009.02.21"]
[Round "10.1"]
[White "Gradevska, Desislava"]
[Black "Nikolova, Adriana"]
[Result "0-1"]
[WhiteElo "1721"]
[BlackElo "2310"]
[PlyCount "102"]
[EventDate "2009.02.13"]
[EventType "tourn"]
[EventRounds "11"]
[EventCountry "BUL"]
[EventCategory "2"]
[Source "lmi"]
[SourceDate "2009.02.13"]

1. c4 c5 2. Nc3 Nc6 3. g3 g6 4. Bg2 Bg7 5. e3 Nh6 6. Nge2 Nf5 7. O-O O-O 8. b3
a6 9. a4 d6 10. Bb2 e6 11. Rb1 Rb8 12. Nf4 Nb4 13. Nce2 e5 14. Nd5 Nxd5 15.
Bxd5 b5 16. axb5 axb5 17. cxb5 Rxb5 18. Bc4 Rb8 19. Bd5 Ne7 20. Bg2 Ba6 21. d3
Qb6 22. Bc3 d5 23. b4 d4 24. exd4 exd4 25. Be1 c4 26. b5 cxd3 27. Nf4 Bb7 28.
Bb4 Bxg2 29. Kxg2 Rfe8 30. Nxd3 Nd5 31. Bc5 Qa5 32. Qg4 Nc3 33. Rbe1 Qxb5 34.
Qf3 h5 35. Bd6 Rbd8 36. Bc7 Rc8 37. Bd6 Nd5 38. Be5 Rc3 39. Rb1 Qxd3 40. Qxd5
Rxe5 41. Rb8+ Kh7 42. Qxf7 Qc4 43. Qf4 d3 44. Qd2 Rc2 45. Qd1 Qd5+ 46. Kg1 Ree2
47. Qb1 Rb2 48. Rxb2 Rxb2 49. Qd1 d2 50. Qa4 Qb5 51. Qe4 Qxf1+ 0-1